000
00289nam a2200109Ia 4500
001
588683
005
20250717120836.0
008
250717s9999 xx 000 0 und d
245
0
_a
Y-2 ÇOCUKLAR İÇİN NUTUK
_c
MUSTAFA KEMAL ATATÜRK
260
_b
YEDİVEREN YAYINLARI
_c
2019
300
_b
325
999
_c
588683
_d
588683